000 00518nam a22001817a 4500
005 20150825113243.0
010 _aENG-113553
020 _c499.00
_a9789350099360
035 _aEN- 97085
037 _bDBAD/PUB
082 _aN
100 _aRoy, Anuradha
245 _aSleeping on Jupiter /
_cby Anuradha Roy
260 _aGurgaon
_bHachette Book Publishing
_c2015
270 _a4th & 5th Floors, Corporate Center, Plot No. 94, Sector 44
_bGurgaon
_e122003
300 _a250p.
_c22cm(Hb)
942 _2ddc
_cEN
_mROY
_hN
999 _c95088
_d95088